UBT Library

Voyades In English Writing And Grammar (Record no. 49922)

000 -LEADER
fixed length control field 00316nam a22001337a 4500
008 - FIXED-LENGTH DATA ELEMENTS--GENERAL INFORMATION
fixed length control field 181016b xxu||||| |||| 00| 0 eng d
020 ## - INTERNATIONAL STANDARD BOOK NUMBER
International Standard Book Number 9780829420999
041 ## - LANGUAGE CODE
Language code of text/sound track or separate title eng
080 ## - UNIVERSAL DECIMAL CLASSIFICATION NUMBER
Universal Decimal Classification number 3700
100 ## - Rafti
Rafti 47
101 ## - Shkurtesa
Shkurtesa EDU
245 ## - TITLE STATEMENT
Title Voyades In English Writing And Grammar
Statement of responsibility, etc Kervick.i
942 ## - ADDED ENTRY ELEMENTS (KOHA)
Source of classification or shelving scheme
Item type Books
Holdings
Withdrawn status Lost status Source of classification or shelving scheme Damaged status Not for loan Collection code Permanent location Current location Shelving location Date acquired Total Checkouts Full call number Barcode Date last seen Price effective from Koha item type
          Koleksioni i përgjithshem UBT - Lipjan UBT - Lipjan Koleksioni i përgjithshem 10/16/2018   370 KER 002-3015737 10/16/2018 10/16/2018 Books
          Koleksioni i përgjithshem UBT - Lipjan UBT - Lipjan Koleksioni i përgjithshem 10/16/2018   370 KER 002-3015742 10/16/2018 10/16/2018 Books
          Koleksioni i përgjithshem UBT - Lipjan UBT - Lipjan Koleksioni i përgjithshem 10/16/2018   370 KER 002-3015747 10/16/2018 10/16/2018 Books
          Koleksioni i përgjithshem UBT - Lipjan UBT - Lipjan Koleksioni i përgjithshem 10/16/2018   370 KER 002-3015752 10/16/2018 10/16/2018 Books
          Koleksioni i përgjithshem UBT - Lipjan UBT - Lipjan Koleksioni i përgjithshem 10/16/2018   370 KER 002-3015757 10/16/2018 10/16/2018 Books
UBT Library © 2015-2024. All rights reserved University Education for Business and Technology